000 00669nam a22001937a 4500
003 LK-CoMWRAF
005 20240624112051.0
008 240309b |||||||| |||| 00| 0 eng d
020 _a9810531346
040 _aLK-CoMWRAF
_dLK-CoMWRAF
_eLK-CoMWRAF
041 _aeng
082 _a297.63
_bDAI
100 _a ad Daiba'i, al-Hafiz Shaikh Abdul Rahman bin Ali
245 _aMaulid Eulogy:
_ban autobiography of the prophet s.a.w. -May Allah's blessings be upon him and grant him peace with English translation and commentaries
650 _aISLAMIC RELIGIOUS LEADERS-Autobiographies
650 _aProphet Muhammad
700 _aAlhadad, Abdulkader Ali
942 _cBK
999 _c4848
_d4848